[Event "Thematic Tarrasch Memorial"]
[Site "SchemingMind.com"]
[Date "2009.03.27"]
[Round "-"]
[White "Aadsje"]
[Black "marekj"]
[Result "0-1"]
[WhiteCountry "NED"]
[BlackCountry "INT"]
[WhiteElo "2179"]
[WhiteRD "67"]
[BlackElo "2324"]
[BlackRD "75"]
[GameID "198193"]

1. d4 d5 2. c4 e6 3. Nc3 c5 4. cxd5 exd5 5. Nf3 Nc6 6. g3 Nf6 7. Bg2 Be7 8. O-O O-O 9. dxc5 Bxc5 10. Bg5 Be6
11. Rc1 Be7 12. Nd4 Rc8 13. Qd3 Qd7 14. Rfd1 h6 15. Bf4 Nxd4 16. Qxd4 b6 17. Qd3 Rfd8 18. Qa6 d4 19. Bb7 Rc5 20. b4 Bc4
21. Qxa7 Rh5 22. Qxb6 Qh3 23. Bg2 Qxh2+ 24. Kf1 Be6 25. Bf3 Bh3+ 26. Ke1 Qg1+ 27. Kd2 Qxf2 28. Ne4 Nxe4+ 29. Bxe4 g5 30. Qb7 Bf8
31. Bh7+ Kg7 32. Rc7 Kxh7 33. Rxf7+ Kg6 34. Rxf8 Rxf8 35. Qc6+ Kf7 36. Qb7+ Kg8 37. Qd5+ Rf7 38. Qa8+ Kh7 39. Qe8 Rxf4 40. gxf4 Qxf4+
41. e3 dxe3+ 42. Qxe3 Qxb4+ 43. Qc3 Qf4+ 44. Qe3 Qf7 45. Rc1 Bf5
0-1

[Event "Thematic Tarrasch Memorial"]
[Site "SchemingMind.com"]
[Date "2009.03.27"]
[Round "-"]
[White "Aadsje"]
[Black "klagefall"]
[Result "1-0"]
[WhiteCountry "NED"]
[BlackCountry "GER"]
[WhiteElo "2220"]
[WhiteRD "67"]
[BlackElo "2029"]
[BlackRD "59"]
[GameID "198194"]

1. d4 d5 2. c4 e6 3. Nc3 c5 4. cxd5 exd5 5. Nf3 Nc6 6. g3 Nf6 7. Bg2 Be7 8. O-O O-O 9. Bg5 c4 10. Ne5 Be6
11. Nxc6 bxc6 12. b3 Qa5 13. Na4 Rfd8 14. e3 c5 15. Bxf6 gxf6 16. bxc4 cxd4 17. exd4 Rab8 18. c5 Rb4 19. Nc3 Rc4 20. Ne2 Bg4
21. Qd3 Bf8 22. Bf3 Be6 23. Nf4 Qc3 24. Qxc3 Rxc3 25. Kg2 Bh6 26. Nxe6 fxe6 27. Rfe1 e5 28. dxe5 Rxc5 29. exf6
1-0

[Event "Thematic Tarrasch Memorial"]
[Site "SchemingMind.com"]
[Date "2009.04.01"]
[Round "-"]
[White "riverriver"]
[Black "Aadsje"]
[Result "0-1"]
[WhiteCountry "USA"]
[BlackCountry "NED"]
[WhiteElo "1700"]
[WhiteRD "63"]
[BlackElo "2179"]
[BlackRD "67"]
[GameID "198195"]

1. d4 d5 2. c4 e6 3. Nc3 c5 4. cxd5 exd5 5. Nf3 Nc6 6. g3 Nf6 7. Bg2 Be7 8. dxc5 d4 9. Nb5 Qa5+ 10. Qd2 Qxb5
11. a3 Qxc5 12. O-O Be6 13. Qf4 O-O 14. b4 Qc4 15. Bb2 Nd5 16. Qd2 Nc3 17. Bxc3 dxc3 18. Qc2 Bf6
0-1

[Event "Thematic Tarrasch Memorial"]
[Site "SchemingMind.com"]
[Date "2009.04.01"]
[Round "-"]
[White "Jose Luis Fonseca Gonzalez"]
[Black "Aadsje"]
[Result "1/2-1/2"]
[WhiteCountry "NCA"]
[BlackCountry "NED"]
[WhiteElo "2086"]
[WhiteRD "86"]
[BlackElo "2220"]
[BlackRD "67"]
[GameID "198196"]

1. d4 d5 2. c4 e6 3. Nc3 c5 4. cxd5 exd5 5. Nf3 Nc6 6. g3 Nf6 7. Bg2 Be7 8. O-O O-O 9. Bg5 cxd4 10. Nxd4 h6
11. Be3 Re8 12. Rc1 Bf8 13. Nxc6 bxc6 14. Bd4 Bf5 15. Qa4 Qd6=
1/2-1/2

[Event "Thematic Tarrasch Memorial"]
[Site "SchemingMind.com"]
[Date "2009.04.01"]
[Round "-"]
[White "badbishop"]
[Black "Aadsje"]
[Result "1/2-1/2"]
[WhiteCountry "POL"]
[BlackCountry "NED"]
[WhiteElo "2287"]
[WhiteRD "80"]
[BlackElo "2220"]
[BlackRD "67"]
[GameID "198197"]

1. d4 d5 2. c4 e6 3. Nc3 c5 4. cxd5 exd5 5. Nf3 Nc6 6. g3 Nf6 7. Bg2 Be7 8. O-O O-O 9. dxc5 Bxc5 10. Na4 Be7
11. Be3 Ne4 12. Rc1 Re8 13. Nd4 Bd7 14. Nc3 Nxc3 15. Rxc3 Bf6 16. Rc5 Bxd4 17. Bxd4 Be6 18. Be3 Qe7 19. Qa4 Rad8 20. Rfc1 f6
21. b4 a6 22. a3 Bf7=
1/2-1/2

[Event "Thematic Tarrasch Memorial"]
[Site "SchemingMind.com"]
[Date "2009.03.27"]
[Round "-"]
[White "smothered mate"]
[Black "Aadsje"]
[Result "0-1"]
[WhiteCountry "POL"]
[BlackCountry "NED"]
[WhiteElo "1869"]
[WhiteRD "55"]
[BlackElo "2220"]
[BlackRD "67"]
[GameID "198198"]

1. d4 d5 2. c4 e6 3. Nc3 c5 4. cxd5 exd5 5. Nf3 Nc6 6. Bg5 Be7 7. Bxe7 Ngxe7 8. dxc5 d4 9. Ne4 O-O 10. e3 Qd5
11. Bd3 dxe3 12. fxe3 Bf5 13. Nf2 Bxd3 14. Qxd3 Qxc5 15. O-O Rad8 16. Qe2 Nf5 17. Rae1 Rfe8 18. e4 Ncd4 19. Nxd4 Nxd4 20. Qg4 Qb5
21. Nd1= Nc2 22. Re2 f5 23. Qh5 g6
0-1

[Event "Thematic Tarrasch Memorial"]
[Site "SchemingMind.com"]
[Date "2009.04.01"]
[Round "-"]
[White "waldron"]
[Black "Aadsje"]
[Result "1/2-1/2"]
[WhiteCountry "USA"]
[BlackCountry "NED"]
[WhiteElo "2257"]
[WhiteRD "67"]
[BlackElo "2179"]
[BlackRD "67"]
[GameID "198199"]

1. d4 d5 2. c4 e6 3. Nc3 c5 4. cxd5 exd5 5. Nf3 Nc6 6. g3 Nf6 7. Bg2 Be7 8. O-O O-O 9. Bg5 cxd4 10. Nxd4 h6
11. Bf4 Bg4 12. h3 Be6 13. Rc1 Qb6 14. Nxe6 fxe6 15. Qd3 Rad8 16. Qg6 Kh8 17. b3 Ba3 18. Rc2 Bd6 19. Bxd6 Rxd6 20. Rcc1 Nd7
21. Qb1= Nb4 22. Na4 Qa6 23. Qb2 b5= 24. Nc3 Qb6 25. a4 e5 26. Qd2 bxa4 27. Nxa4 Qb7 28. Rfd1 a5 29. e3 Nf6= 30. Rc3 e4
31. Nc5 Qe7 32. Ra1 Ra8 33. Qe2 Nd7 34. Nxd7 Rxd7 35. Qd2 Rc7 36. h4 Rxc3 37. Qxc3 Qf7 38. Bf1=
1/2-1/2

[Event "Thematic Tarrasch Memorial"]
[Site "SchemingMind.com"]
[Date "2009.03.27"]
[Round "-"]
[White "n_antonov"]
[Black "Aadsje"]
[Result "1/2-1/2"]
[WhiteCountry "BUL"]
[BlackCountry "NED"]
[WhiteElo "2218"]
[WhiteRD "63"]
[BlackElo "2203"]
[BlackRD "60"]
[GameID "198200"]

1. d4 d5 2. c4 e6 3. Nc3 c5 4. e3 Nf6 5. Nf3 Be7 6. cxd5 Nxd5 7. Bb5+ Nc6 8. dxc5 O-O 9. Nxd5 exd5 10. Bd2 Bxc5
11. Rc1 Bd6 12. O-O Qb6 13. Qa4 Bd7 14. Ba5 Qxa5 15. Qxa5 Nxa5 16. Bxd7=
1/2-1/2

[Event "Thematic Tarrasch Memorial"]
[Site "SchemingMind.com"]
[Date "2009.03.27"]
[Round "-"]
[White "marekj"]
[Black "Aadsje"]
[Result "1-0"]
[WhiteCountry "INT"]
[BlackCountry "NED"]
[WhiteElo "2324"]
[WhiteRD "75"]
[BlackElo "2179"]
[BlackRD "67"]
[GameID "198201"]

1. d4 d5 2. c4 e6 3. Nc3 c5 4. cxd5 exd5 5. Nf3 Nc6 6. g3 Nf6 7. Bg2 Be7 8. O-O O-O 9. Bg5 cxd4 10. Nxd4 h6
11. Be3 Re8 12. Qa4 Bd7 13. Rac1 Na5 14. Qc2 Bb4 15. Nxd5 Nxd5 16. Bxd5 Bh3 17. Bg2 Bxg2 18. Kxg2 Qd5+ 19. Kg1 Qxa2 20. Ra1 Qd5
21. Qa4 Qd6 22. Rfd1 Qf8 23. Nc2 Nc6 24. Rd7 Re7 25. Rd5 Re6 26. Nxb4 Qxb4 27. Qxb4 Nxb4 28. Rb5 Nc2 29. Rxa7 Rd8 30. Rbxb7 Nxe3
31. fxe3 Rd1+ 32. Kg2 Rd2 33. Rxf7 Rxe2+ 34. Kf1 Rxh2 35. Rxg7+ Kf8 36. Rgf7+ Kg8 37. Rfb7 Rf6+ 38. Kg1 Re2 39. Ra8+ Rf8 40. Rxf8+ Kxf8
41. Rb3 Ke7 42. Kf1 Rc2 43. Rb6 h5 44. b4 Kd7 45. Rh6 Rb2 46. Rxh5 Rxb4 47. Ke2
1-0

[Event "Thematic Tarrasch Memorial"]
[Site "SchemingMind.com"]
[Date "2009.03.27"]
[Round "-"]
[White "klagefall"]
[Black "Aadsje"]
[Result "1/2-1/2"]
[WhiteCountry "GER"]
[BlackCountry "NED"]
[WhiteElo "2029"]
[WhiteRD "59"]
[BlackElo "2220"]
[BlackRD "67"]
[GameID "198202"]

1. d4 d5 2. c4 e6 3. Nc3 c5 4. cxd5 exd5 5. Nf3 Nc6 6. g3 Nf6 7. Bg2 Be7 8. O-O O-O 9. Bg5 cxd4 10. Nxd4 h6
11. Be3 Re8 12. Rc1 Bf8 13. Nxc6 bxc6 14. Na4 Bd7 15. Bc5 Bxc5 16. Nxc5 Bg4 17. Re1 Qa5 18. h3 Bf5 19. Qd4 Rab8 20. a3 Qb5
21. b3 a5 22. Kf1 Nd7 23. g4 Be6 24. Nxd7 Bxd7 25. Rc3 f6 26. Bf3 h5 27. Kg2 hxg4 28. hxg4 Qb6 29. Rd1 Qb5 30. Re1 Qb6
31. Rd1= Qb5 32. Re1
1/2-1/2

[Event "Thematic Tarrasch Memorial"]
[Site "SchemingMind.com"]
[Date "2009.04.03"]
[Round "-"]
[White "Zonk"]
[Black "badbishop"]
[Result "0-1"]
[WhiteCountry "GER"]
[BlackCountry "POL"]
[WhiteElo "1763"]
[WhiteRD "78"]
[BlackElo "2285"]
[BlackRD "86"]
[GameID "198410"]

1. d4 d5 2. c4 e6 3. Nc3 c5 4. cxd5 exd5 5. Nf3 Nc6 6. g3 Nf6 7. Bg2 Be7 8. O-O O-O 9. b3 Bg4 10. dxc5 Bxc5
0-1

[Event "Thematic Tarrasch Memorial"]
[Site "SchemingMind.com"]
[Date "2009.04.02"]
[Round "-"]
[White "Zonk"]
[Black "smothered mate"]
[Result "0-1"]
[WhiteCountry "GER"]
[BlackCountry "POL"]
[WhiteElo "1763"]
[WhiteRD "78"]
[BlackElo "1888"]
[BlackRD "58"]
[GameID "198411"]

1. d4 d5 2. c4 e6 3. Nc3 c5 4. cxd5 exd5 5. Nf3 Nc6 6. g3 Nf6 7. Bg2 Be7 8. O-O cxd4 9. Nxd4 O-O 10. Nxc6 bxc6
11. e4 d4 12. Ne2 c5
0-1

[Event "Thematic Tarrasch Memorial"]
[Site "SchemingMind.com"]
[Date "2009.04.03"]
[Round "-"]
[White "Zonk"]
[Black "Aadsje"]
[Result "0-1"]
[WhiteCountry "GER"]
[BlackCountry "NED"]
[WhiteElo "1763"]
[WhiteRD "78"]
[BlackElo "2211"]
[BlackRD "66"]
[GameID "198412"]

1. d4 d5 2. c4 e6 3. Nc3 c5 4. cxd5 exd5 5. Nf3 Nc6 6. g3 Nf6 7. Bg2 Be7 8. O-O O-O 9. dxc5 Bxc5 10. Na4 Be7
11. Be3 Bg4
0-1

[Event "Thematic Tarrasch Memorial"]
[Site "SchemingMind.com"]
[Date "2009.04.02"]
[Round "-"]
[White "Zonk"]
[Black "waldron"]
[Result "0-1"]
[WhiteCountry "GER"]
[BlackCountry "USA"]
[WhiteElo "1745"]
[WhiteRD "81"]
[BlackElo "2241"]
[BlackRD "65"]
[GameID "198413"]

1. d4 d5 2. c4 e6 3. Nc3 c5 4. cxd5 exd5 5. Nf3 Nc6 6. g3 Nf6 7. Bg2 Be7 8. O-O O-O 9. dxc5 Bxc5 10. Na4 Be7
0-1

[Event "Thematic Tarrasch Memorial"]
[Site "SchemingMind.com"]
[Date "2009.04.02"]
[Round "-"]
[White "Zonk"]
[Black "n_antonov"]
[Result "0-1"]
[WhiteCountry "GER"]
[BlackCountry "BUL"]
[WhiteElo "1763"]
[WhiteRD "78"]
[BlackElo "2255"]
[BlackRD "58"]
[GameID "198414"]

1. d4 d5 2. c4 e6 3. Nc3 c5 4. cxd5 exd5 5. Nf3 Nc6 6. g3 Nf6 7. Bg2 Be7 8. O-O O-O 9. dxc5 Bxc5 10. Na4 Be7
11. Be3 Re8 12. Rc1 Bg4 13. h3 Be6 14. Nd4 Nxd4
0-1

[Event "Thematic Tarrasch Memorial"]
[Site "SchemingMind.com"]
[Date "2009.04.02"]
[Round "-"]
[White "Zonk"]
[Black "marekj"]
[Result "0-1"]
[WhiteCountry "GER"]
[BlackCountry "INT"]
[WhiteElo "1763"]
[WhiteRD "78"]
[BlackElo "2247"]
[BlackRD "77"]
[GameID "198415"]

1. d4 d5 2. c4 e6 3. Nc3 c5 4. cxd5 exd5 5. Nf3 Nc6 6. g3 Nf6 7. Bg2 Be7 8. O-O O-O 9. dxc5 Bxc5 10. Na4 Be7
11. Be3 Ng4 12. Bc5 Be6 13. Rc1 Rc8
0-1

[Event "Thematic Tarrasch Memorial"]
[Site "SchemingMind.com"]
[Date "2009.04.02"]
[Round "-"]
[White "Zonk"]
[Black "klagefall"]
[Result "0-1"]
[WhiteCountry "GER"]
[BlackCountry "GER"]
[WhiteElo "1763"]
[WhiteRD "78"]
[BlackElo "2009"]
[BlackRD "61"]
[GameID "198416"]

1. d4 d5 2. c4 e6 3. Nc3 c5 4. cxd5 exd5 5. Nf3 Nc6 6. g3 Nf6 7. Bg2 Be7 8. O-O O-O 9. dxc5 Bxc5 10. Na4 Be7
11. Be3 Re8 12. Rc1 Bg4 13. h3 Be6
0-1

[Event "Thematic Tarrasch Memorial"]
[Site "SchemingMind.com"]
[Date "2009.04.02"]
[Round "-"]
[White "smothered mate"]
[Black "Zonk"]
[Result "1-0"]
[WhiteCountry "POL"]
[BlackCountry "GER"]
[WhiteElo "1869"]
[WhiteRD "55"]
[BlackElo "1745"]
[BlackRD "81"]
[GameID "198420"]

1. d4 d5 2. c4 e6 3. Nc3 c5 4. cxd5 exd5 5. Nf3 Nc6 6. g3 Nf6 7. Bg2 Be7 8. O-O O-O 9. Bg5 cxd4 10. Nxd4 h6
11. Be3 Re8 12. Rc1 Bf8 13. Qd2
1-0

[Event "Thematic Tarrasch Memorial"]
[Site "SchemingMind.com"]
[Date "2009.04.03"]
[Round "-"]
[White "Aadsje"]
[Black "Zonk"]
[Result "1-0"]
[WhiteCountry "NED"]
[BlackCountry "GER"]
[WhiteElo "2211"]
[WhiteRD "66"]
[BlackElo "1763"]
[BlackRD "78"]
[GameID "198421"]

1. d4 d5 2. c4 e6 3. Nc3 c5 4. cxd5 exd5 5. Nf3 Nc6 6. g3 Nf6 7. Bg2 Be7 8. O-O O-O 9. dxc5 Bxc5 10. Bg5 d4
11. Bxf6
1-0

[Event "Thematic Tarrasch Memorial"]
[Site "SchemingMind.com"]
[Date "2009.04.03"]
[Round "-"]
[White "n_antonov"]
[Black "Zonk"]
[Result "1-0"]
[WhiteCountry "BUL"]
[BlackCountry "GER"]
[WhiteElo "2200"]
[WhiteRD "57"]
[BlackElo "1745"]
[BlackRD "81"]
[GameID "198423"]

1. d4 d5 2. c4 e6 3. Nc3 c5 4. Nf3 Nc6 5. cxd5 exd5 6. g3 Nf6 7. Bg2 Be7 8. O-O O-O 9. Bg5 cxd4 10. Nxd4 h6
11. Be3 Re8 12. Rc1 Bf8 13. Nxc6 bxc6 14. Na4 Re6 15. Nc5 Bxc5 16. Bxc5
1-0

[Event "Thematic Tarrasch Memorial"]
[Site "SchemingMind.com"]
[Date "2009.04.02"]
[Round "-"]
[White "marekj"]
[Black "Zonk"]
[Result "1-0"]
[WhiteCountry "INT"]
[BlackCountry "GER"]
[WhiteElo "2247"]
[WhiteRD "77"]
[BlackElo "1763"]
[BlackRD "78"]
[GameID "198424"]

1. d4 d5 2. c4 e6 3. Nc3 c5 4. cxd5 exd5 5. Nf3 Nc6 6. g3 Nf6 7. Bg2 Be7 8. O-O O-O 9. Bg5 cxd4 10. Nxd4 h6
11. Be3 Re8 12. Qa4 Bd7 13. Rac1 Na5 14. Qc2
1-0

[Event "Thematic Tarrasch Memorial"]
[Site "SchemingMind.com"]
[Date "2009.04.02"]
[Round "-"]
[White "klagefall"]
[Black "Zonk"]
[Result "1-0"]
[WhiteCountry "GER"]
[BlackCountry "GER"]
[WhiteElo "2009"]
[WhiteRD "61"]
[BlackElo "1763"]
[BlackRD "78"]
[GameID "198425"]

1. d4 d5 2. c4 e6 3. Nc3 c5 4. cxd5 exd5 5. Nf3 Nc6 6. g3 Nf6 7. Bg2 Be7 8. O-O O-O 9. Bg5 cxd4 10. Nxd4 h6
11. Be3 Re8 12. Rc1 Bf8 13. Nxc6 bxc6 14. Na4 Re6 15. Bc5 Ne4 16. Bxf8
1-0